CLINICAL EXAMINATION (Record no. 16928)

MARC details
000 -LEADER
fixed length control field 00374nam a22001577a 4500
003 - CONTROL NUMBER IDENTIFIER
control field SGT
020 ## - INTERNATIONAL STANDARD BOOK NUMBER
International Standard Book Number 978-93-50-25-363-2
082 ## - DEWEY DECIMAL CLASSIFICATION NUMBER
Classification number 616.075
Item number C11H
100 ## - MAIN ENTRY--PERSONAL NAME
Personal name HIRA,HARMANJIT SINGH
245 ## - TITLE STATEMENT
Title CLINICAL EXAMINATION
260 ## - PUBLICATION, DISTRIBUTION, ETC. (IMPRINT)
Place of publication, distribution, etc NEW DELHI
Name of publisher, distributor, etc JAYPEE PUB
Year of Publication 2011
300 ## - PAGE DESCRIPTION
No. of Pages 515
650 ## - SUBJECT ADDED ENTRY--TOPICAL TERM
Topical term or geographic name as entry element AYURVEDA
653 ## - KEYWORDS--INDEX TERM
Keyword term MEDICINE,CLINICAL, EXAMINATION
942 ## - ADDED ENTRY ELEMENTS (KOHA)
Source of classification or shelving scheme Dewey Decimal Classification
Koha item type Books
942 ## - ADDED ENTRY ELEMENTS (KOHA)
-- 13
Holdings
Withdrawn status Lost status Source of classification or shelving scheme Damaged status Not for loan Collection code Home library Current library Shelving location Date acquired Vendor Name Cost, normal purchase price SGTU Bill Number Total Checkouts Full call number Accession No. (Barcode) Date last seen Date last borrowed Bill Date Koha item type Use restrictions
    Dewey Decimal Classification     AYURVEDA SGT FA-FP Library SGT FA-FP Library Text Book 18/02/2019 AHUJA PUB 750.00 SGTU 10644 11 616.075 C11H FA10136 28/08/2025 12/08/2025 07/02/2019 Books  
    Dewey Decimal Classification     AYURVEDA SGT FA-FP Library SGT FA-FP Library Reference Book 18/02/2019 AHUJA PUB 750.00 SGTU 10644   616.075 C11H FA10137 18/02/2019   07/02/2019 Books Restricted Access
    Dewey Decimal Classification     AYURVEDA SGT FA-FP Library SGT FA-FP Library Text Book 18/02/2019 AHUJA PUB 750.00 SGTU 10644 23 616.075 C11H FA10138 19/05/2026 19/05/2026 07/02/2019 Books  
    Dewey Decimal Classification     AYURVEDA SGT FA-FP Library SGT FA-FP Library Text Book 18/02/2019 AHUJA PUB 750.00 SGTU 10644 16 616.075 C11H FA10139 10/02/2026 10/02/2026 07/02/2019 Books  
    Dewey Decimal Classification     AYURVEDA SGT FA-FP Library SGT FA-FP Library Text Book 18/02/2019 AHUJA PUB 750.00 SGTU 10644 10 616.075 C11H FA10140 12/03/2026 26/02/2026 07/02/2019 Books